000 00469nam a2200181Ia 4500
005 20250326124125.0
008 250326s9999 xx 000 0 und d
037 _aTextbook
040 _aFMSL
_beng
_cFMSL
041 _aeng
_2eng
084 _aX:51 K5
_qFMSL
100 _aCrane E
_9736746
245 0 _aMarketing communications
_cCrane E
260 _aNY
_bNY, John Wiley
_c1965
300 _a569p
942 _cTB
_hX:51 K5
999 _c1272396
_d1272396